Automatic Analog IC Sizing and Optimization Constrained with PVT Corners and Layout Effects (Запис № 445269)
[ простий вигляд ]
| 000 -LEADER | |
|---|---|
| fixed length control field | 04221nam a22006015i 4500 |
| 001 - CONTROL NUMBER | |
| control field | 978-3-319-42037-0 |
| 003 - CONTROL NUMBER IDENTIFIER | |
| control field | DE-He213 |
| 005 - DATE AND TIME OF LATEST TRANSACTION | |
| control field | 20210118121657.0 |
| 007 - PHYSICAL DESCRIPTION FIXED FIELD--GENERAL INFORMATION | |
| fixed length control field | cr nn 008mamaa |
| 008 - FIXED-LENGTH DATA ELEMENTS--GENERAL INFORMATION | |
| fixed length control field | 160729s2017 gw | s |||| 0|eng d |
| 020 ## - INTERNATIONAL STANDARD BOOK NUMBER | |
| International Standard Book Number | 9783319420370 |
| -- | 978-3-319-42037-0 |
| 024 7# - OTHER STANDARD IDENTIFIER | |
| Standard number or code | 10.1007/978-3-319-42037-0 |
| Source of number or code | doi |
| 050 #4 - LIBRARY OF CONGRESS CALL NUMBER | |
| Classification number | TK7888.4 |
| 072 #7 - SUBJECT CATEGORY CODE | |
| Subject category code | TJFC |
| Source | bicssc |
| 072 #7 - SUBJECT CATEGORY CODE | |
| Subject category code | TEC008010 |
| Source | bisacsh |
| 072 #7 - SUBJECT CATEGORY CODE | |
| Subject category code | TJFC |
| Source | thema |
| 082 04 - DEWEY DECIMAL CLASSIFICATION NUMBER | |
| Classification number | 621.3815 |
| Edition number | 23 |
| 100 1# - MAIN ENTRY--PERSONAL NAME | |
| Personal name | Lourenço, Nuno. |
| Relator term | author. |
| Relator code | aut |
| -- | http://id.loc.gov/vocabulary/relators/aut |
| 245 10 - TITLE STATEMENT | |
| Title | Automatic Analog IC Sizing and Optimization Constrained with PVT Corners and Layout Effects |
| Medium | [electronic resource] / |
| Statement of responsibility, etc | by Nuno Lourenço, Ricardo Martins, Nuno Horta. |
| 250 ## - EDITION STATEMENT | |
| Edition statement | 1st ed. 2017. |
| 264 #1 - | |
| -- | Cham : |
| -- | Springer International Publishing : |
| -- | Imprint: Springer, |
| -- | 2017. |
| 300 ## - PHYSICAL DESCRIPTION | |
| Extent | XXVII, 182 p. 112 illus., 90 illus. in color. |
| Other physical details | online resource. |
| 336 ## - | |
| -- | text |
| -- | txt |
| -- | rdacontent |
| 337 ## - | |
| -- | computer |
| -- | c |
| -- | rdamedia |
| 338 ## - | |
| -- | online resource |
| -- | cr |
| -- | rdacarrier |
| 347 ## - | |
| -- | text file |
| -- | |
| -- | rda |
| 505 0# - FORMATTED CONTENTS NOTE | |
| Formatted contents note | Introduction -- Previous Works on Automatic Analog IC Sizing -- AIDA-C Architecture -- Multi-Objective Optimization Kernel -- AIDA-C Circuit Sizing Results -- Layout-Aware Circuit Sizing -- AIDA-C Layout-aware Circuit Sizing Results -- Conclusions. |
| 520 ## - SUMMARY, ETC. | |
| Summary, etc | This book introduces readers to a variety of tools for automatic analog integrated circuit (IC) sizing and optimization. The authors provide a historical perspective on the early methods proposed to tackle automatic analog circuit sizing, with emphasis on the methodologies to size and optimize the circuit, and on the methodologies to estimate the circuit’s performance. The discussion also includes robust circuit design and optimization and the most recent advances in layout-aware analog sizing approaches. The authors describe a methodology for an automatic flow for analog IC design, including details of the inputs and interfaces, multi-objective optimization techniques, and the enhancements made in the base implementation by using machine leaning techniques. The Gradient model is discussed in detail, along with the methods to include layout effects in the circuit sizing. The concepts and algorithms of all the modules are thoroughly described, enabling readers to reproduce the methodologies, improve the quality of their designs, or use them as starting point for a new tool. An extensive set of application examples is included to demonstrate the capabilities and features of the methodologies described. |
| 506 ## - RESTRICTIONS ON ACCESS NOTE | |
| Terms governing access | Available to subscribing member institutions only. Доступно лише організаціям членам підписки. |
| 506 ## - RESTRICTIONS ON ACCESS NOTE | |
| Standardized terminology for access restriction | Online access from local network of NaUOA. |
| 506 ## - RESTRICTIONS ON ACCESS NOTE | |
| Standardized terminology for access restriction | Online access with authorization at https://link.springer.com/ |
| 506 ## - RESTRICTIONS ON ACCESS NOTE | |
| Standardized terminology for access restriction | Онлайн-доступ з локальної мережі НаУОА. |
| 506 ## - RESTRICTIONS ON ACCESS NOTE | |
| Standardized terminology for access restriction | Онлайн доступ з авторизацією на https://link.springer.com/ |
| 650 #0 - SUBJECT ADDED ENTRY--TOPICAL TERM | |
| Topical term or geographic name as entry element | Electronic circuits. |
| 650 #0 - SUBJECT ADDED ENTRY--TOPICAL TERM | |
| Topical term or geographic name as entry element | Microprocessors. |
| 650 #0 - SUBJECT ADDED ENTRY--TOPICAL TERM | |
| Topical term or geographic name as entry element | Electronics. |
| 650 #0 - SUBJECT ADDED ENTRY--TOPICAL TERM | |
| Topical term or geographic name as entry element | Microelectronics. |
| 650 14 - SUBJECT ADDED ENTRY--TOPICAL TERM | |
| Topical term or geographic name as entry element | Circuits and Systems. |
| -- | http://scigraph.springernature.com/things/product-market-codes/T24068 |
| 650 24 - SUBJECT ADDED ENTRY--TOPICAL TERM | |
| Topical term or geographic name as entry element | Processor Architectures. |
| -- | http://scigraph.springernature.com/things/product-market-codes/I13014 |
| 650 24 - SUBJECT ADDED ENTRY--TOPICAL TERM | |
| Topical term or geographic name as entry element | Electronics and Microelectronics, Instrumentation. |
| -- | http://scigraph.springernature.com/things/product-market-codes/T24027 |
| 700 1# - ADDED ENTRY--PERSONAL NAME | |
| Personal name | Martins, Ricardo. |
| Relator term | author. |
| Relator code | aut |
| -- | http://id.loc.gov/vocabulary/relators/aut |
| 700 1# - ADDED ENTRY--PERSONAL NAME | |
| Personal name | Horta, Nuno. |
| Relator term | author. |
| Relator code | aut |
| -- | http://id.loc.gov/vocabulary/relators/aut |
| 710 2# - ADDED ENTRY--CORPORATE NAME | |
| Corporate name or jurisdiction name as entry element | SpringerLink (Online service) |
| 773 0# - HOST ITEM ENTRY | |
| Title | Springer eBooks |
| 776 08 - ADDITIONAL PHYSICAL FORM ENTRY | |
| Display text | Printed edition: |
| International Standard Book Number | 9783319420363 |
| 776 08 - ADDITIONAL PHYSICAL FORM ENTRY | |
| Display text | Printed edition: |
| International Standard Book Number | 9783319420387 |
| 776 08 - ADDITIONAL PHYSICAL FORM ENTRY | |
| Display text | Printed edition: |
| International Standard Book Number | 9783319824857 |
| 856 40 - ELECTRONIC LOCATION AND ACCESS | |
| Uniform Resource Identifier | <a href="https://doi.org/10.1007/978-3-319-42037-0">https://doi.org/10.1007/978-3-319-42037-0</a> |
| 912 ## - | |
| -- | ZDB-2-ENG |
| 942 ## - ADDED ENTRY ELEMENTS (KOHA) | |
| Koha item type | ЕКнига |
Немає доступних примірників.